[Event "Central-SRB chT 2018"]
[Site "Kragujevac"]
[Date "2018.09.21"]
[Round "10"]
[White "Ivanov, Mikhail M"]
[Black "Zajic, Milan"]
[Result "*"]
[WhiteElo "2367"]
[BlackElo "2497"]
[Annotator "TA"]
[PlyCount "38"]
[EventDate "2018.09.14"]
[EventType "team-tourn"]
[EventCountry "SRB"]
[SourceTitle "playchess.com"]
[Source "ChessBase"]
[SourceQuality "1"]

{[%evp 33,38,12,15,6,20,0,45]} 1. Nf3 Nf6 2. g3 d5 3. Bg2 e6 4. O-O Be7 5. d4 O-O 6. c4 dxc4 7. Ne5 Nc6 8. Bxc6 bxc6 9. Nxc6 Qe8 10. Nxe7+ Qxe7 11. Qa4 c5 12. Qxc4 cxd4 13. Qxd4 e5 {E05: Open Catalan: 5 Nf3 Be7} 14. Qh4 h6 15. Nc3 Bb7 16. Be3 Qe6 17. f3 (17. Qa4 Bc6 18. Qa6 Rfc8 19. f3 Rab8 20. Rab1 Nd5 21. Nxd5 Bxd5 22. Qxe6 Bxe6 {½-½ (30) Wang,Y (2679)-Wang,H (2710) Hangzhou 2018}) 17... Rfc8 {[#] LiveBook: 3 Games. Hoping for ...Rc4.The position is equal.} 18. Qb4 Rcb8 19. Qa5 {[#]} Qh3 $146 ({Predecessor:} 19... h5 20. Rf2 Ng4 21. fxg4 {½-½ (47) Tonkov,B (2323)-Rusev,K (2561) Sunny Beach 2013}) *

[Event "Central-SRB chT 2018"]
[Site "Kragujevac"]
[Date "2018.09.21"]
[Round "10"]
[White "Ristic, Nebojsa M"]
[Black "Gajic, Mladen"]
[Result "1/2-1/2"]
[WhiteElo "2361"]
[BlackElo "2291"]
[Annotator "TA"]
[PlyCount "14"]
[EventDate "2018.09.14"]
[EventType "team-tourn"]
[EventCountry "SRB"]
[SourceTitle "playchess.com"]
[Source "ChessBase"]
[SourceQuality "1"]

{[%evp 11,14,-2,24,-31,-25]} 1. Nf3 d5 2. g3 Nf6 3. Bg2 g6 4. O-O Bg7 5. d4 O-O 6. b3 a5 {LiveBook: 10 Games. D02: 1 d4 d5 2 Nf3 sidelines, including 2...Nf6 3 g3 and 2...Nf6 3 Bf4} (6... c5 7. Bb2 Ne4 8. Nbd2 Nc6 9. e3 Qa5 10. Nxe4 dxe4 11. Ne5 Nxe5 12. dxe5 Rd8 13. Qe1 Qc7 14. Bxe4 Bh3 15. Bg2 Bxg2 16. Kxg2 Bxe5 17. Bxe5 Qxe5 {½-½ (47) Moussard,J (2576)-Fridman,D (2594) chess.com INT 2017}) 7. a3 (7. c4 $11) 7... Ne4 $146 ({Predecessor:} 7... c6 8. Bb2 a4 9. Nbd2 Bf5 10. c4 Ne4 11. cxd5 cxd5 12. b4 Nc6 13. Rc1 Qd7 14. Ne5 Nxe5 15. dxe5 {½-½ (30) Mijatovic,D (2248)-Dekic,J (2263) Kac 2016}) 1/2-1/2

[Event "Central-SRB chT 2018"]
[Site "Kragujevac"]
[Date "2018.09.21"]
[Round "10"]
[White "Ristic, Nenad"]
[Black "Savicevic, Vlatko"]
[Result "1/2-1/2"]
[WhiteElo "2359"]
[BlackElo "2338"]
[Annotator "TA"]
[PlyCount "24"]
[EventDate "2018.09.14"]
[EventType "team-tourn"]
[EventCountry "SRB"]
[SourceTitle "playchess.com"]
[Source "ChessBase"]
[SourceQuality "1"]

{[%evp 15,24,-16,-14,-11,-9,10,0,-2,13,13,0]} 1. c4 e6 2. Nf3 d5 3. b3 Nf6 4. Bb2 Be7 5. e3 O-O 6. Be2 b6 7. O-O Bb7 8. d3 {A13: Reti-Eröffnung} (8. cxd5 exd5 9. Nc3 Nbd7 10. Re1 a6 11. Bf1 Re8 12. Ne2 c5 13. Ng3 Rc8 14. Rc1 Bf8 15. d4 Ne4 16. dxc5 Nxg3 {½-½ (35) Laznicka,V (2647)-Bacrot,E (2725) Riadh 2017}) 8... c5 {LiveBook: 57 Partien. Die Stellung ist ausgeglichen.} 9. Ne5 Nc6 10. Nxc6 Bxc6 11. Nd2 $146 ({Vorgänger:} 11. Bf3 Qd7 12. Nc3 dxc4 13. dxc4 Qxd1 14. Rfxd1 Bxf3 15. gxf3 Rfd8 {½-½ (90) Jovic,S (2327)-Milosavljevic,M (2182) Serbia 2005}) 11... dxc4 12. bxc4 Nd7 1/2-1/2

[Event "Central-SRB chT 2018"]
[Site "Kragujevac"]
[Date "2018.09.21"]
[Round "10"]
[White "Markovic, Zoran S"]
[Black "Mijailovic, Zoran"]
[Result "1/2-1/2"]
[WhiteElo "2346"]
[BlackElo "2400"]
[Annotator "TA"]
[PlyCount "28"]
[EventDate "2018.09.14"]
[EventType "team-tourn"]
[EventCountry "SRB"]
[SourceTitle "playchess.com"]
[Source "ChessBase"]
[SourceQuality "1"]

{[%evp 14,15,44,27]} 1. e4 e5 2. Nf3 Nf6 3. Nxe5 d6 4. Nf3 Nxe4 5. d4 d5 6. Bd3 Nc6 7. O-O Be7 8. c4 {LiveBook: 2227 Games} {Predecessor:} Nb4 $146 9. cxd5 Nxd3 10. Qxd3 Qxd5 11. Re1 Bf5 12. g4 Bg6 13. Qc3 f6 14. Qxc7 O-O {½-½ (14) Wei,Y (2709)-Wang,Y (2737) Shenzhen 2016} 1/2-1/2

[Event "Central-SRB chT 2018"]
[Site "Kragujevac"]
[Date "2018.09.21"]
[Round "10"]
[White "Marcetic, Nikola"]
[Black "Ignjatovic, Predrag"]
[Result "0-1"]
[WhiteElo "2333"]
[BlackElo "2246"]
[Annotator "TA"]
[PlyCount "76"]
[EventDate "2018.09.14"]
[EventType "team-tourn"]
[EventCountry "SRB"]
[SourceTitle "playchess.com"]
[Source "ChessBase"]
[SourceQuality "1"]

{[%evp 12,76,14,12,25,-2,24,10,19,4,16,-6,15,0,14,14,13,4,0,7,37,3,22,-23,-27,-37,0,-57,-38,-31,-16,-110,-71,-80,-64,-83,-84,-198,-188,-195,-193,-369,-366,-590,-347,-447,-421,-768,-766,-752,-731,-738,-728,-951,-942,-910,-772,-1664,-971,-1092,-1065,-1415,-856,-804,-785,-29991,-29992]} 1. d4 Nf6 2. Bg5 Ne4 3. h4 d5 4. Nd2 Nxd2 5. Qxd2 Bf5 6. e3 {A45: Trompowsky Attack} h6 7. Bf4 {LiveBook: 13 Games} c6 (7... e6 8. f3 Bd6 9. Ne2 Nc6 10. Ng3 Bxf4 11. Nxf5 exf5 12. exf4 Qe7+ {½-½ (26) Sethuraman,S (2656)-Arabidze,M (2360) Benasque 2016}) 8. c4 {White has an edge.} dxc4 $146 ({Predecessor:} 8... e6 9. Nf3 Nd7 10. a3 dxc4 11. Bxc4 Nb6 12. Bd3 Bxd3 13. Qxd3 {1-0 (36) Japiassu,R (1900)-Abdalla,J (2098) Sao Paulo 2012}) 9. Bxc4 e6 10. Ne2 Be7 11. h5 Nd7 12. Nc3 a6 13. e4 Bh7 14. f3 b5 15. Bb3 Qa5 16. Rd1 O-O 17. Qf2 Kh8 18. Qg3 Qb6 19. Bd6 ({White should try} 19. Qf2 $11) 19... Bxd6 $15 20. Qxd6 Rad8 21. Ke2 (21. O-O $11 {keeps the balance.}) 21... Bg8 22. a3 Rfe8 23. e5 Bh7 24. Ne4 {[#]} (24. Rd2 $17) 24... Bxe4 $1 $19 25. fxe4 {[#]} Nf6 $1 {[%cal Bd7f6,Bf6e4,Be4g3][%mdl 32]} 26. Qb4 $2 (26. Qc5 {was the only defense.} Qxc5 27. dxc5 Nxe4 28. Rxd8 Rxd8 29. Rd1 Rxd1 30. Bxd1) 26... Nxe4 27. Ke3 $2 (27. Rh4 {is a better defense.} a5 28. Qe1 Rxd4 29. Bc2 Rxd1 30. Kxd1 Rd8+ 31. Kc1) 27... Ng3 28. Rh3 Nf5+ 29. Ke4 (29. Ke2 $142) 29... Rxd4+ 30. Rxd4 c5 31. Qd2 Nxd4 32. Kf4 Rd8 33. Ba2 Qc7 34. Bb1 Nc6 35. Rd3 Qxe5+ 36. Kg4 Rd4+ 37. Rxd4 Nxd4 38. Qf4 f5+ {Precision: White = 13%, Black = 58%.} 0-1

[Event "Central-SRB chT 2018"]
[Site "Kragujevac"]
[Date "2018.09.21"]
[Round "10"]
[White "Jesic, Dusan"]
[Black "Radivojevic, Ivan"]
[Result "1/2-1/2"]
[WhiteElo "2322"]
[BlackElo "2360"]
[Annotator "TA"]
[PlyCount "128"]
[EventDate "2018.09.14"]
[EventType "team-tourn"]
[EventCountry "SRB"]
[SourceTitle "playchess.com"]
[Source "ChessBase"]
[SourceQuality "1"]

{[%evp 18,127,27,24,32,14,29,30,29,29,53,38,85,86,147,60,75,56,43,43,53,21,139,141,147,146,204,155,285,220,212,207,295,307,304,297,390,388,478,413,1022,610,29975,765,730,531,534,510,595,585,731,697,599,395,577,463,473,481,473,471,450,451,397,49,42,0,0,0,0,0,0,0,0,0,0,0,0,0,0,0,0,0,0,0,0,0,0,0,0,0,0,0,0,0,0,0,0,0,0,0,0,0,0,0,0,0,0,0,0,0,0,0]} 1. c4 e5 2. g3 Nc6 3. Bg2 g6 4. Nc3 Bg7 5. d3 d6 6. Rb1 f5 7. e3 Nf6 8. Nge2 O-O 9. b4 a6 10. O-O {LiveBook: 19 Games} Ne7 {A25: English Opening vs King's Indian with ...Nc6 but without early d3} (10... Kh8 11. a3 Ne7 12. Nd5 Nexd5 13. cxd5 Bd7 14. Bb2 Rc8 15. Rc1 Qe8 16. Qd2 g5 17. f4 Qh5 18. fxe5 {½-½ (42) Gurevich,M (2667)-Piket,J (2649) Amsterdam 2000 CBM 077 Extra [Gurevich,M]}) 11. Bb2 $146 ({Predecessor:} 11. e4 c6 12. Be3 Be6 13. Qc1 b5 14. cxb5 axb5 15. d4 Nxe4 16. Nxe4 fxe4 17. dxe5 Bxe5 18. Nd4 {0-1 (49) Nava Pereda,C (2273)-Movsziszian,K (2510) Sestao 2013}) 11... c6 12. a4 a5 {White has an edge.} 13. b5 c5 14. f4 Ng4 15. Qd2 exf4 ({Black should try} 15... Rb8) 16. gxf4 (16. Nxf4 $16 Nxe3 17. Rfe1 (17. Qxe3 Bd4 $11) 17... Nxg2 18. Qxg2) 16... Rb8 17. h3 Nf6 18. e4 Nh5 19. Qe3 Qe8 (19... b6 $11 {remains equal.}) 20. e5 $16 dxe5 21. Qxc5 ({Don't take} 21. fxe5 b6 $14) 21... exf4 (21... e4 $16 {is a better defense.}) 22. Qd6 $36 {[%mdl 2048] Black is under strong pressure.} Ra8 (22... Bd7 $16 {might work better.}) 23. Nxf4 Nxf4 24. Qxf4 Qd8 (24... Be6 $142 25. Bxb7 Rd8) 25. Nd5 $18 Bxb2 26. Rxb2 Nxd5 27. Bxd5+ Kg7 28. Re1 Re8 (28... g5 $142 29. Qd4+ Qf6 30. Re7+ Kg6 31. Qxf6+ Kxf6) 29. Rbe2 Bd7 30. Rxe8 (30. Qd4+ $142 Kh6 {[#]} 31. Re7 $1 {[%mdl 512]} Qxe7 32. Rxe7 Rxe7 33. Qh4+ Kg7 34. Qxe7+ Kh6 35. Qxd7) 30... Bxe8 31. Qe5+ Kh6 32. Qe3+ g5 33. Qe7 Bg6 34. Qxd8 Rxd8 {[%mdl 4096] Endgame KRB-KRB} 35. b6 f4 (35... g4 $142 36. Re7 gxh3 37. Rxb7 f4) 36. Re7 Bxd3 37. Bxb7 Bxc4 38. Be4 {[%csl Ge4][%cal Re7h7] [#]} g4 39. hxg4 Kg5 {intending ...Rd1+.} 40. Bf3 $2 (40. b7 $18) 40... Kh4 $1 $14 {[%cal Rh4g3]} 41. Rc7 Kg3 {The position is equal.} 42. Rxc4 {Threatens to win with Rc3.} Kxf3 $11 {KR-KR} 43. Rc3+ Kxg4 44. Rb3 h5 45. b7 Rb8 46. Kf2 h4 47. Rb1 f3 48. Rg1+ Kf4 49. Rg7 h3 {...h2 is the strong threat.} 50. Rf7+ Ke4 {And now ...h2 would win.} 51. Rxf3 h2 52. Rh3 Rxb7 {Strongly threatening ...Rb2+.} 53. Rxh2 Rb2+ 54. Kg1 Rb1+ (54... Rxh2 {seems wilder.} 55. Kxh2 Ke5 56. Kg3 Ke4 57. Kh2) 55. Kf2 Rb2+ 56. Kg1 Rxh2 57. Kxh2 {KP-KP} Kd4 58. Kg1 Kc4 59. Kf1 Kb4 60. Ke1 Kxa4 61. Kd1 {[%cal Be1d1,Bd1c1,Bc1b1,Bb1a1][%mdl 32]} Kb3 {( -> ...Kb2)} 62. Kc1 a4 (62... Ka2 $5) 63. Kb1 a3 64. Ka1 a2 $2 {[%mdl 8192] Precision: White = 71%, Black = 49%.} (64... Kc3) 1/2-1/2

[Event "Central-SRB chT 2018"]
[Site "Kragujevac"]
[Date "2018.09.21"]
[Round "10"]
[White "Rajkovic, Mladen"]
[Black "Dimitrijevic, Radmilo"]
[Result "1/2-1/2"]
[WhiteElo "2304"]
[BlackElo "2247"]
[Annotator "TA"]
[PlyCount "62"]
[EventDate "2018.09.14"]
[EventType "team-tourn"]
[EventCountry "SRB"]
[SourceTitle "playchess.com"]
[Source "ChessBase"]
[SourceQuality "1"]

{[%evp 13,62,31,52,20,48,51,47,52,91,89,100,93,101,113,97,-9,0,-17,-23,-35,-27,-21,-37,-27,-14,-12,-12,-14,-2,-10,-9,-12,-14,-30,-22,-25,0,0,0,0,0,0,0,0,0,0,0,0,0,0,0]} 1. e4 {Shirov,A} c5 2. Nf3 e6 3. d4 cxd4 4. Nxd4 Nc6 5. Nc3 d6 6. g4 a6 7. Be3 Nge7 8. f4 {B54: Sicilian: 2...d6 3 d4 cxd4 4 Nxd4, Unusual Lines} Nxd4 9. Qxd4 Nc6 10. Qd2 {White is slightly better.} b5 11. O-O-O Qa5 {Threatening ...b4.} 12. Kb1 b4 $146 ({Predecessor:} 12... Be7 13. g5 O-O 14. h4 Rd8 15. Qf2 Rb8 {1-0 (44) Shirov,A (2690)-Polgar,J (2675) Monte Carlo 1996 CBM 052 Extra [Shirov,A]}) 13. Ne2 Be7 14. e5 (14. h4 $16) 14... dxe5 $11 15. Bg2 Qc7 16. Bc5 {[#] Threatens to win with Bd6.} Bb7 17. Bd6 Bxd6 18. Qxd6 Qxd6 19. Rxd6 Rc8 20. fxe5 $1 Rc7 21. Rhd1 {[#] aiming for Bxc6+.} Ke7 22. Bxc6 Bxc6 23. Nd4 Rhc8 24. Rd2 a5 25. Nxc6+ {The position is equal.} Rxc6 {[%mdl 4096] Endgame KRR-KRR} 26. Rd7+ Ke8 27. Ra7 Rc5 28. Rdd7 {And now Re7+ would win.} Rxc2 {[%csl Gc8][%cal Rc2c1]} 29. Re7+ Kf8 {[%csl Gc8][%cal Rc2c1]} 30. Rxf7+ Ke8 {[%csl Gc8][%cal Rc2c1]} 31. Rfe7+ Kf8 {Precision: White = 63%, Black = 68%.} 1/2-1/2

[Event "Central-SRB chT 2018"]
[Site "Kragujevac"]
[Date "2018.09.21"]
[Round "10"]
[White "Simic, Dragisa"]
[Black "Todorovic, Goran N"]
[Result "1/2-1/2"]
[WhiteElo "2299"]
[BlackElo "2326"]
[Annotator "TA"]
[PlyCount "34"]
[EventDate "2018.09.14"]
[EventType "team-tourn"]
[EventCountry "SRB"]
[SourceTitle "playchess.com"]
[Source "ChessBase"]
[SourceQuality "1"]

{[%evp 18,19,22,-11]} 1. e4 e5 2. Nf3 Nc6 3. Nc3 Nf6 4. g3 d5 5. exd5 Nxd5 6. Bg2 Nxc3 7. bxc3 Bd6 8. O-O O-O 9. d3 h6 {C47: Scotch Four Knights and Four Knights with 4 g3} 10. Rb1 {LiveBook: 11 Games} (10. Nd2 Be6 11. a4 Qd7 12. Ne4 Be7 13. c4 Nd4 14. Bb2 Rad8 15. a5 f5 16. Nd2 Bf6 17. Nf3 {½-½ (63) Amonatov,F (2620)-Radjabov,T (2710) Doha 2016}) {Predecessor:} 10... Rb8 $146 11. Nd2 Be6 12. c4 Qd7 13. Ne4 Be7 14. Be3 b6 15. Nc3 Nd4 16. Nd5 Bd6 17. Bxd4 exd4 {0-1 (32) Urazayev,A (2342)-Bortnyk,O (2567) Tashkent 2017} 1/2-1/2

[Event "Central-SRB chT 2018"]
[Site "Kragujevac"]
[Date "2018.09.21"]
[Round "10"]
[White "Colovic, Dusan"]
[Black "Radovanovic, Dusan"]
[Result "1-0"]
[WhiteElo "2296"]
[BlackElo "2321"]
[Annotator "TA"]
[PlyCount "89"]
[EventDate "2018.09.14"]
[EventType "team-tourn"]
[EventCountry "SRB"]
[SourceTitle "playchess.com"]
[Source "ChessBase"]
[SourceQuality "1"]

{[%evp 9,89,20,65,37,45,35,34,27,44,29,47,20,42,31,69,63,101,99,103,87,83,68,114,85,92,83,86,104,103,81,84,77,164,114,130,126,117,90,86,78,128,48,112,87,92,80,133,134,145,71,98,98,147,132,197,163,184,189,191,162,205,206,215,194,392,343,378,339,470,433,433,433,415,399,29986,29987,29987,29988,29991,29992,29992,29993]} 1. d4 g6 2. e4 Bg7 3. Nf3 c6 4. h3 d5 5. e5 (5. Nc3 dxe4 6. Nxe4 Nf6 7. Nxf6+ exf6 8. Bc4 O-O 9. O-O a5 10. a4 Na6 11. c3 Nc7 12. Bf4 Nd5 13. Bh2 Be6 14. Nd2 f5 15. Qb3 Qd7 16. Rfe1 Rfe8 17. Re2 {1-0 (60) Savic,M (2511)-Jovanovic,Z (2540) Hungary 2018}) 5... Na6 6. c3 {B06: Modern Defence} Nc7 $1 7. Bd3 Nh6 8. O-O {White is slightly better.} O-O 9. Re1 f6 10. Nbd2 {[%cal Bb1d2,Bd2f1,Bf1h2][%mdl 32]} Nf7 11. exf6 Bxf6 $146 ({Predecessor:} 11... exf6 12. Nf1 Ne6 13. Bd2 Qd6 14. Ng3 {½-½ (14) Popadic,D (2208)-Rzayev,A (2000) Niksic 2018}) 12. Nf1 Re8 13. Bf4 $36 {[%mdl 2048] White has strong initiative.} Ne6 14. Bg3 Ng7 15. N1h2 Nf5 16. Be5 Nxe5 17. Nxe5 Rf8 18. Qd2 Nd6 19. Nhg4 Bxg4 20. Nxg4 Nf7 (20... Qd7 $16 {was necessary.}) 21. Re2 Qd7 22. Rae1 Rae8 23. f4 Bg7 24. g3 Nh6 25. Nf2 (25. Re6 $16) 25... Nf5 ({Black should play} 25... e6 $14) 26. Kg2 e6 27. h4 h5 ({Black should try} 27... b6) 28. Nh3 $16 Bf6 29. Ng1 (29. Ng5 $142 {[%cal Rg5e6]} Bxg5 30. hxg5 (30. fxg5 Qf7 $14)) 29... b6 30. Nf3 c5 31. Bxf5 gxf5 (31... exf5 $16 {is a better defense.} 32. Rxe8 Rxe8) 32. Re3 Kf7 33. Qe2 Rh8 34. Re5 Qd6 {[#]} 35. Ng5+ $1 Bxg5 36. hxg5 Re7 $2 (36... cxd4 37. cxd4 Qc6) 37. c4 $18 dxc4 38. d5 {[%cal Bd4d5,Bd5e6,Be6e7][%mdl 32]} b5 39. Kh3 Kg7 40. Rxe6 Rxe6 41. dxe6 {[#] White threatens Rd1 and mate.} h4 $2 (41... Re8 $18 42. e7 (42. Qxh5 Rxe6 43. Rxe6 Qxe6 $11) 42... Kg8) 42. Rd1 {White mates.} hxg3+ 43. Kxg3 Qb8 44. Rd7+ Kg6 45. e7 {Precision: White = 56%, Black = 46%.} 1-0

[Event "Central-SRB chT 2018"]
[Site "Kragujevac"]
[Date "2018.09.21"]
[Round "10"]
[White "Gavrilovic, Leonardo"]
[Black "Nestorovic, Lazar"]
[Result "0-1"]
[WhiteElo "2243"]
[BlackElo "2353"]
[Annotator "TA"]
[PlyCount "68"]
[EventDate "2018.09.14"]
[EventType "team-tourn"]
[EventCountry "SRB"]
[SourceTitle "playchess.com"]
[Source "ChessBase"]
[SourceQuality "1"]

{[%evp 15,68,18,22,0,8,0,0,0,0,0,-7,-33,-25,-35,0,0,10,14,10,-15,-9,-9,-13,-11,-11,-8,0,0,0,-35,0,0,0,-163,-163,-189,-157,-295,0,0,0,0,0,-553,-531,-939,-927,-2085,-2054,-1629,-108,-4694,-4682,-1629,-1599]} 1. Nf3 Nf6 2. c4 e6 3. Nc3 Bb4 4. Qc2 d6 5. d4 O-O 6. Bg5 Nbd7 7. e3 h6 8. Bh4 c5 {LiveBook: 5 Games. E32: Nimzo-Indian: Classical (4 Qc2): 4...0-0} (8... b6 9. g4 Bb7 10. Bg2 Qc8 11. g5 hxg5 12. Bxg5 Be4 13. Qe2 Bxc3+ 14. bxc3 Qa6 15. Rg1 Qa3 16. Qd2 {0-1 (23) Smirnov,P (2597)-Khismatullin,D (2660) Magnitogorsk 2011}) 9. a3 Bxc3+ 10. Qxc3 b6 {The position is equal.} 11. dxc5 $146 ({Predecessor:} 11. Be2 Bb7 12. O-O Qc7 13. Rfd1 Ne4 14. Qc2 f5 15. d5 e5 16. Bd3 g5 17. Bg3 Nxg3 18. hxg3 e4 19. Bxe4 fxe4 20. Qxe4 {0-1 (29) Altankhuyag,A-Khorsandi,A (1972) Maribor 2012}) 11... bxc5 12. Rd1 Qb6 13. Bd3 Rb8 14. Rd2 Bb7 15. O-O e5 16. Bf5 e4 $1 {[%cal Re4f3]} 17. Rfd1 exf3 18. Rxd6 Bc6 {Black wants to play ...Qb7.} 19. b4 $1 {[%cal Rb4b5,Bb2b4,Bb4c5,Bc5c6][%mdl 32]} a6 {[%cal Rc5b4]} ({But not} 19... fxg2 $6 20. b5 $16) 20. gxf3 Rfe8 21. e4 Qb7 22. bxc5 Ba4 23. c6 $1 {[%cal Rc6b7]} Bxc6 24. Qe3 $2 (24. c5 $11) 24... Re5 $19 {And now ...Rxf5! would win.} 25. Qf4 {aiming for Bxf6.} Rbe8 26. Kh1 {[#]} (26. Kg2 $17) 26... Kf8 $2 ({Black should play} 26... Rxf5 $1 $19 {[%mdl 512]} 27. Qxf5 (27. exf5 Bxf3+) 27... Re5) 27. Bxd7 $1 $11 Nxd7 28. Rxh6 $1 {[%cal Rh6h8]} f6 $36 {[%mdl 2048] [#] Black is pushing.} ({Stronger than} 28... gxh6 29. Qxh6+ Kg8 30. Rg1+ Rg5 31. Rxg5#) 29. Rg6 $2 {[%mdl 8192] [#]} (29. Bxf6 $1 $11 {[%mdl 512] and White stays safe.} Nxf6 30. Rxf6+ gxf6 31. Qxf6+ Qf7 32. Qh8+ Qg8 33. Qf6+ Qf7 34. Qh8+ Qg8 35. Qf6+ Qf7) 29... Rxe4 $1 $19 {[%mdl 512]} 30. Qd6+ (30. fxe4 Rxe4) 30... R4e7 31. Bxf6 Bxf3+ 32. Kg1 Bxd1 $2 (32... Nxf6 $19 {is more deadly.} 33. Rf1 Kg8) 33. Rxg7 $2 {[%mdl 8192]} (33. Bxe7+ $17 Rxe7 {[#]} 34. Rxg7 $1 {[%mdl 512]}) 33... Nxf6 34. Qxf6+ Rf7 {Precision: White = 46%, Black = 66%.} 0-1

[Event "Central-SRB chT 2018"]
[Site "Kragujevac"]
[Date "2018.09.22"]
[Round "11"]
[White "Zajic, Milan"]
[Black "Atalik, Suat"]
[Result "1/2-1/2"]
[WhiteElo "2497"]
[BlackElo "2512"]
[Annotator "TA"]
[PlyCount "77"]
[EventDate "2018.09.14"]
[EventType "team-tourn"]
[EventCountry "SRB"]
[SourceTitle "playchess.com"]
[Source "ChessBase"]
[SourceQuality "1"]

{[%evp 20,77,21,17,38,2,7,-14,-18,-13,46,38,46,33,37,47,25,43,33,-11,0,0,-22,0,0,-15,-19,-23,14,13,91,62,58,11,76,14,27,13,13,13,14,14,14,11,17,14,14,14,13,12,10,12,0,10,8,0,0,0,24,0]} 1. e4 {Wedberg,T} e5 2. Nf3 Nc6 3. Bb5 {[%cal Bf1b5,Bb5a4,Ba4b3][%mdl 32]} a6 4. Ba4 Nf6 5. d3 b5 6. Bb3 Bc5 7. O-O d6 8. c3 O-O 9. Nbd2 {C78: Ruy Lopez: Archangelsk and Möller Defences} Be6 10. Re1 Re8 11. Nf1 {LiveBook: 9 Games. The position is equal.} d5 12. Qe2 h6 13. Be3 $146 ({Predecessor:} 13. Ng3 a5 14. exd5 Nxd5 15. d4 exd4 16. Qxb5 a4 17. Qxc6 axb3 18. Qxc5 Rxa2 {0-1 (41) Tiviakov,S (2625)-Sokolov,I (2665) Wijk aan Zee 1996 CBM 051 [Wedberg,T]}) 13... Bf8 14. Ng3 Na5 (14... Qd7 $11) 15. Nxe5 $14 Nxb3 16. axb3 dxe4 17. dxe4 Bxb3 18. Nc6 Qc8 19. Bd4 {[#] Hoping for Bxf6.} (19. f3 {looks sharper.} Be6 20. Qf2 Bd7 21. Na5 c5 22. Rec1) 19... Bd5 20. Bxf6 {Threatens to win with Nd4.} Bxc6 21. Bd4 f5 22. Qd3 fxe4 23. Nxe4 {[#] aiming for Nf6+!} Re6 24. Nc5 Rd6 (24... Bxc5 $11 {remains equal.} 25. Bxc5 Qd7 26. Qxd7 Bxd7) 25. Re3 Qg4 {[%csl Gc6][%cal Rg4g2]} 26. Rg3 Qf4 (26... Qh5 $11 27. Qc2 a5) 27. Re1 (27. b4 $16) 27... Re8 $11 28. Rxe8 {White threatens Rxg7+ and mate.} Qc1+ 29. Qf1 Qxf1+ 30. Kxf1 {Threatening mate with Rxg7+.} Bxe8 31. b4 Bf7 32. Re3 Bc4+ 33. Ke1 $1 Rd8 34. Nxa6 Ra8 35. Nxc7 Ra1+ 36. Kd2 {Strongly threatening Re8.} Ra2+ 37. Ke1 Ra1+ 38. Kd2 {Re8 is the strong threat.} Ra2+ 39. Ke1 {Precision: White = 50%, Black = 47%.} 1/2-1/2

[Event "Central-SRB chT 2018"]
[Site "Kragujevac"]
[Date "2018.09.22"]
[Round "11"]
[White "Pezelj, Novak"]
[Black "Colovic, Dusan"]
[Result "1/2-1/2"]
[WhiteElo "2457"]
[BlackElo "2296"]
[Annotator "TA"]
[PlyCount "20"]
[EventDate "2018.09.14"]
[EventType "team-tourn"]
[EventCountry "SRB"]
[SourceTitle "playchess.com"]
[Source "ChessBase"]
[SourceQuality "1"]

{[%evp 17,20,0,9,-5,443]} 1. d4 d5 2. Bf4 Nf6 3. e3 e6 4. Be2 Be7 5. Nf3 O-O 6. Nbd2 c5 7. c3 Nc6 8. h3 b6 9. O-O Bb7 10. Ne5 {D02: 1 d4 d5 2 Nf3 sidelines, including 2...Nf6 3 g3 and 2...Nf6 3 Bf4} Bc8 $146 {[%mdl 40960] An unexpected result.} (10... Nxe5 $11 11. Bxe5 Bd6) ({Predecessor:} 10... Qc8 11. Bb5 a6 12. Bd3 b5 13. Bg5 Qc7 14. Nxc6 Qxc6 15. Nf3 Qc7 16. Ne5 Ne4 17. Bf4 Bd6 {0-1 (29) Laxman,R (2457)-Karthikeyan,M (2592) Hanoi 2018}) 1/2-1/2

[Event "Central-SRB chT 2018"]
[Site "Kragujevac"]
[Date "2018.09.22"]
[Round "11"]
[White "Stankovic, Milos"]
[Black "Simic, Dragisa"]
[Result "1-0"]
[WhiteElo "2443"]
[BlackElo "2299"]
[Annotator "TA"]
[PlyCount "64"]
[EventDate "2018.09.14"]
[EventType "team-tourn"]
[EventCountry "SRB"]
[SourceTitle "playchess.com"]
[Source "ChessBase"]
[SourceQuality "1"]

{[%evp 19,64,11,84,33,36,28,29,45,33,0,29,35,40,32,41,41,56,57,69,7,23,1,14,4,4,0,1,1,9,2,9,11,0,2,2,9,37,0,0,-44,0,0,0,0,29978,29979,29979]} 1. e4 c5 2. Nf3 d6 3. Bb5+ Bd7 4. Bxd7+ Qxd7 5. O-O Nf6 6. Qe2 Nc6 7. Rd1 {B52: Sicilian: Moscow Variation with 3...Bd7} (7. b3 g6 8. Bb2 Bg7 9. c4 Nh5 10. Bxg7 Nxg7 11. Nc3 O-O 12. Qe3 e5 13. d3 f5 14. Nd5 f4 15. Qd2 Ne6 16. b4 {½-½ (71) Anand,V (2759)-Grischuk,A (2766) Leuven 2018}) 7... Rc8 8. c3 e6 9. d4 cxd4 10. Bg5 d3 {LiveBook: 4 Games} (10... Be7 $11) 11. Qxd3 $146 ({Better is} 11. Rxd3 $16 Ng4 12. Bf4) ({Predecessor:} 11. Rxd3 Ng4 12. Na3 Nge5 13. Nxe5 Nxe5 14. Rd2 a6 15. Rad1 Qc6 16. f4 Nc4 17. Nxc4 Qxc4 18. Qf3 f6 19. Bh4 Be7 20. f5 O-O {½-½ (20) Ghaem Maghami,E (2573)-Mamedov,R (2634) Baku 2012}) 11... Be7 $14 12. Na3 Ne5 13. Nxe5 dxe5 14. Qg3 Qc7 15. Bxf6 gxf6 16. Qg7 Rf8 17. Nc2 $1 ({Much worse is} 17. Qxh7 Bxa3 18. bxa3 Ke7 $15) 17... Qc4 18. Qxh7 Bc5 19. Qh4 (19. Re1 $1 $14) 19... Ke7 20. Ne3 Bxe3 $1 21. fxe3 Rh8 $132 {[%mdl 2048] Black has counterplay} 22. Qg4 Rcg8 23. Qf3 Rh4 $1 24. Rd2 Qxe4 25. Qxe4 Rxe4 $11 {[%mdl 4096] Endgame KRR-KRR} 26. Rad1 {Rd7+ is the strong threat.} f5 $1 27. Rd7+ Kf6 28. Rxb7 Rxe3 {White must now prevent ...Re2.} 29. Rdd7 {Threatens to win with Kf2.} (29. Kf2 $5 {[%cal Rf2e3]} Re4 30. Rxa7 $11) 29... Rg7 {And now ...Re1+ would win.} 30. Kf2 f4 31. Rxa7 {aiming for a4.} f3 $2 {[%mdl 8192] [#]} (31... Rh7 $11) 32. Kxe3 fxg2 {Precision: White = 58%, Black = 46%.} 1-0